বাংলাদেশ জেলা গেজেটীয়ার: খুলনা / (Record no. 28963)

MARC details
000 -LEADER
fixed length control field 00971nam a22001937a 4500
003 - CONTROL NUMBER IDENTIFIER
control field BDDh-ASL
005 - DATE AND TIME OF LATEST TRANSACTION
control field 20231015031004.0
008 - FIXED-LENGTH DATA ELEMENTS--GENERAL INFORMATION
fixed length control field 211101s2017 b ||||| |||| 00| 0 b d
040 ## - CATALOGING SOURCE
Transcribing agency BDDh-ASL
082 ## - DEWEY DECIMAL CLASSIFICATION NUMBER
Classification number 910.35492
Item number BAN
245 00 - TITLE STATEMENT
Title বাংলাদেশ জেলা গেজেটীয়ার: খুলনা /
246 ## - VARYING FORM OF TITLE
Title proper/short title Bangladesh District Gazetteer: Khulna
260 ## - PUBLICATION, DISTRIBUTION, ETC.
Place of publication, distribution, etc. ঢাকা:
Name of publisher, distributor, etc. সংস্থাপন মন্ত্রণালয়, গণপ্রজাতন্ত্রী বাংলাদেশ সরকার,
Date of publication, distribution, etc. ২০১৭।
300 ## - PHYSICAL DESCRIPTION
Extent ৬০১ পৃষ্ঠা, :
Other physical details ছবি ও ম্যাপ;
Dimensions ২৩ সে. মি.
650 #0 - SUBJECT ADDED ENTRY--TOPICAL TERM
9 (RLIN) 5558
Topical term or geographic name entry element District Gazetteer (জেলা গেজেটীয়ার)
651 #0 - SUBJECT ADDED ENTRY--GEOGRAPHIC NAME
9 (RLIN) 4429
Geographic name খুলনা (Khulna)
Geographic subdivision বাংলাদেশ (Bangladesh)
700 1# - ADDED ENTRY--PERSONAL NAME
9 (RLIN) 6279
Personal name চৌধুরী, কামাল আবদুল নাসের
Titles and other words associated with a name ড.
942 ## - ADDED ENTRY ELEMENTS (KOHA)
Source of classification or shelving scheme Dewey Decimal Classification
Koha item type Books
Holdings
Withdrawn status Lost status Source of classification or shelving scheme Damaged status Not for loan Collection code Home library Current library Shelving location Date acquired Source of acquisition Total Checkouts Full call number Barcode Date last seen Copy number Price effective from Koha item type
    Dewey Decimal Classification     Non-fiction Asiatic Society Library Asiatic Society Library General Stacks 06/19/2022 Complementary   910.35492 BAN 117083 06/19/2022 C-1 06/19/2022 Books

Powered by Koha